Zwycięzcy konkursów Pucharu Świata 2022/23 w skokach narciarskich - Statystyki

Ogólne statystyki
  • Ten quiz został rozwiązany 58 razy
  • Średni wynik to 30 z 33
Statystyki odpowiedzi
Data Miejscowość Skocznia Narodowość Zwycięzca % Poprawnych
5.11.2022 Wisła duża Polska Dawid Kubacki
98%
6.11.2022 Wisła duża Polska Dawid Kubacki
98%
11.12.2022 Titisee-Neustadt duża Polska Dawid Kubacki
98%
18.12.2022 Engelberg duża Polska Dawid Kubacki
98%
4.01.2023 Innsbruck duża Polska Dawid Kubacki
98%
16.03.2023 Lillehammer duża Polska Dawid Kubacki
98%
20.01.2023 Sapporo duża Japonia Ryōyū Kobayashi
96%
22.01.2023 Sapporo duża Japonia Ryōyū Kobayashi
96%
26.03.2023 Lahti duża Japonia Ryōyū Kobayashi
96%
26.11.2022 Ruka duża Słowenia Anže Lanišek
94%
9.12.2022 Titisee-Neustadt duża Słowenia Anže Lanišek
94%
17.12.2022 Engelberg duża Słowenia Anže Lanišek
94%
11.03.2023 Oslo duża Słowenia Anže Lanišek
94%
Austria Stefan Kraft
94%
21.01.2023 Sapporo duża Austria Stefan Kraft
94%
12.03.2023 Oslo duża Austria Stefan Kraft
94%
19.03.2023 Vikersund mamucia Austria Stefan Kraft
94%
31.03.2023 Planica mamucia Austria Stefan Kraft
94%
11.02.2023 Lake Placid duża Niemcy Andreas Wellinger
88%
18.02.2023 Râșnov normalna Niemcy Andreas Wellinger
88%
27.11.2022 Ruka duża Norwegia Halvor Egner Granerud
88%
29.12.2022 Oberstdorf duża Norwegia Halvor Egner Granerud
88%
1.01.2023 Garmisch-Partenkirchen duża Norwegia Halvor Egner Granerud
88%
6.01.2023 Bischofshofen duża Norwegia Halvor Egner Granerud
88%
15.01.2023 Zakopane duża Norwegia Halvor Egner Granerud
88%
28.01.2023 Bad Mitterndorf mamucia Norwegia Halvor Egner Granerud
88%
29.01.2023 Bad Mitterndorf mamucia Norwegia Halvor Egner Granerud
88%
4.02.2023 Willingen duża Norwegia Halvor Egner Granerud
88%
5.02.2023 Willingen duża Norwegia Halvor Egner Granerud
88%
12.02.2023 Lake Placid duża Norwegia Halvor Egner Granerud
88%
14.03.2023 Lillehammer duża Norwegia Halvor Egner Granerud
88%
18.03.2023 Vikersund mamucia Norwegia Halvor Egner Granerud
88%
2.04.2023 Planica mamucia Słowenia Timi Zajc
82%
Nie znaleziono quizów pasujących do podanych kryteriów
Rozkład punktacji
Procent ludzi z każdym wynikiem
Percentyl według liczby udzielonych odpowiedzi
Twoja historia wyników
Nie rozwiązałeś tego quizu